VERTEBRATE fauna in the southern forests of Western Australia : A survey

Bibliographic Details
Other Authors: Christensen 1940-
Format: Book
Published: Perth, W. A. : Forests Department , 1985
Series:Bulletin (Western Australia. Forests Department) 94, 1985
Subjects:

MARC

LEADER 00000cam a2200000 7i4500
001 0000001452
005 20010628.0
090 0 0 |a 634.906   |b VER 1985 
245 0 0 |a VERTEBRATE fauna in the southern forests of Western Australia :   |b A survey   |c P. Christensen ... (et al.) 
260 0 0 |a Perth, W. A. :   |b Forests Department ,   |c 1985 
300 |a vi, 109 p. :   |b ill. (some col.), maos ;   |c 30 cm. 
440 0 0 |a Bulletin (Western Australia. Forests Department) 94, 1985 
500 0 0 |a Bibligraphy : [p. 69-71] 
650 0 0 |a Vertebrates   |z Western Australia, Southwestern   |x Geographical distribution 
650 0 0 |a Zoology   |z Western Australia, Southwestern 
700 0 1 |a Christensen   |h P. ,   |c 1940- 
998 |a JPSM 
999 |a 0000002490   |b Monograph   |c Open Shelf   |e Default branch